Normal view MARC view

Entry Corporate Name

Number of records used in: 1

001 - CONTROL NUMBER

  • control field: 1306

003 - CONTROL NUMBER IDENTIFIER

  • control field: OSt

005 - DATE AND TIME OF LATEST TRANSACTION

  • control field: 20110420144227.0

008 - FIXED-LENGTH DATA ELEMENTS

  • fixed length control field: 110420|||a|||||| | ||| d

040 ## - CATALOGING SOURCE

  • Original cataloging agency: OSt
  • Transcribing agency: OSt

110 ## - HEADING--CORPORATE NAME

  • Corporate name or jurisdiction name as entry element: Milton Obote Foundation.
  • Subordinate unit: Adult Education Centre.

670 ## - SOURCE DATA FOUND

  • Source citation: Work cat.: (OSt)0: Land law reform in East Africa;, [c1969]